000 00896cam a2200265 a 4500
001 1038053
003 OSt
005 20180116183027.0
008 890808s1990 nyu 000 1 eng
010 _a 89040465
020 _a0446515043 :
_c$19.95
040 _aDLC
_cDLC
_dDLC
050 0 0 _aPS3554.E472
_bG6 1990
082 0 0 _a813.54 DEM 1990
_220
100 1 _aDeMille, Nelson.
245 1 4 _aThe Gold Coast
_cNelson DeMille.
260 _aNew York, NY :
_bWarner Books,
_cc1990.
300 _a626 p. ;
_c24 cm.
440 _aThe Gold Coast
655 7 _aDetective and mystery stories.
_2gsafd
856 4 2 _3Publisher description
_uhttp://www.loc.gov/catdir/enhancements/fy1117/89040465-d.html
856 4 2 _3Contributor biographical information
_uhttp://www.loc.gov/catdir/enhancements/fy1315/89040465-b.html
906 _a7
_bcbc
_corignew
_d1
_eocip
_f19
_gy-gencatlg
942 _2ddc
_cBK
999 _c350830
_d350830